000 00230nmm a2200085Ia 4500
008 220120s9999||||xx |||||||||||||||||und||
100 _aDigit
245 0 _aGiga smilies ; V1.1b / Lego digital designer, oopen ofice, o
260 _c2008
999 _c138596
_d138596